000 00816nam a22002537a 4500
005 20211209100901.0
008 211209b ||||| |||| 00| 0 eng d
040 _cAL
041 _aeng
082 _223
_a333.7
_bCHAO
100 _aPawan Chamling
_911386
245 _aOur Natural Resources Our Responsibilities
260 _aGhangtok:
_bInformation and Public Relations Department,
_c2003.
300 _axiv,192 p.
_bHB
_c24x18 cm.
650 _aEconomics of Land and Energy
_911387
650 _aState Policy on Forest
_911388
650 _aMedicinal Plants
_911389
650 _aGreen Roads
_911390
650 _aEnvironment and Wildlife
_911391
650 _aBiodiversity
_911392
700 _aCHAMLING (Pawan)
_911393
710 _aInformation and Public Relations Department
_911394
942 _2ddc
_cGF
999 _c220905
_d220905